| 000 | 00406nam a22001697a 4500 | ||
|---|---|---|---|
| 003 | MPLRDC | ||
| 005 | 20220104125601.0 | ||
| 008 | 210129b ||||| |||| 00| 0 eng d | ||
| 082 | _a947.413 HMZ v.2 | ||
| 100 | _a惠美子著 | ||
| 245 |
_a游戏方程式. 二 _c |
||
| 260 |
_a _b丽华出版社 _c |
||
| 300 | _b平 | ||
| 490 | _a捷豹少女漫画系列 | ||
| 650 | _a | ||
| 942 |
_cBK _o947.413 HMZ v.2 |
||
| 999 |
_c28518 _d28508 |
||